ARRUPE JESUIT UNIVERSITY

CORONAVIRUS -STOP THE SPREAD - CLEAN,DISINFECT,COVER

Bradford's crossword solver's lists / (Record no. 131622)

MARC details
000 -LEADER
fixed length control field 01149cam a2200337 a 4500
001 - CONTROL NUMBER
control field 15747110
003 - CONTROL NUMBER IDENTIFIER
control field ARRUPE
005 - DATE AND TIME OF LATEST TRANSACTION
control field 20221130143040.0
008 - FIXED-LENGTH DATA ELEMENTS--GENERAL INFORMATION
fixed length control field 090521s2008 enk 000 0 eng
010 ## - LIBRARY OF CONGRESS CONTROL NUMBER
LC control number 2009294753
015 ## - NATIONAL BIBLIOGRAPHY NUMBER
National bibliography number GBA872829
Source bnb
016 7# - NATIONAL BIBLIOGRAPHIC AGENCY CONTROL NUMBER
Record control number 014632871
Source Uk
020 ## - INTERNATIONAL STANDARD BOOK NUMBER
International Standard Book Number 9780007280865 (pbk.)
028 ## - PUBLISHER NUMBER
Source Arrupe
035 ## - SYSTEM CONTROL NUMBER
System control number (OCoLC)ocn230989129
040 ## - CATALOGING SOURCE
Original cataloging agency UKM
Transcribing agency UKM
Modifying agency BTCTA
-- DLC
042 ## - AUTHENTICATION CODE
Authentication code lccopycat
050 00 - LIBRARY OF CONGRESS CALL NUMBER
Classification number GV1507.C7
Item number B67 2008
082 04 - DEWEY DECIMAL CLASSIFICATION NUMBER
Classification number 793.732
Edition number 22
300 ## - PHYSICAL DESCRIPTION
Dimensions 22 cm.
245 00 - TITLE STATEMENT
Title Bradford's crossword solver's lists /
Statement of responsibility, etc [Anne R. Bradford, consulting ed.]
246 13 - VARYING FORM OF TITLE
Title proper/short title Bradford's crossword lists
250 ## - EDITION STATEMENT
Edition statement 2nd ed.
260 ## - PUBLICATION, DISTRIBUTION, ETC. (IMPRINT)
Place of publication, distribution, etc London :
Name of publisher, distributor, etc HarperCollins Pub.,
Date of publication, distribution, etc 2008.
300 ## - PHYSICAL DESCRIPTION
Extent 611 p. ;
500 ## - GENERAL NOTE
General note Previous ed.: published as Bradford's crossword lists. 2004.
650 #0 - SUBJECT ADDED ENTRY--TOPICAL TERM
Topical term or geographic name as entry element Crossword puzzles
Form subdivision Glossaries, vocabularies, etc.
9 (RLIN) 51366
700 1# - ADDED ENTRY--PERSONAL NAME
Personal name Bradford, Anne R.
Fuller form of name (Anne Rae),
Dates associated with a name 1930-
9 (RLIN) 51365
906 ## - LOCAL DATA ELEMENT F, LDF (RLIN)
a 7
b cbc
c copycat
d 2
e ncip
f 20
g y-gencatlg
942 ## - ADDED ENTRY ELEMENTS (KOHA)
Source of classification or shelving scheme Library of Congress Classification
Koha item type Monograph ( Printed materials)
Holdings
Withdrawn status Lost status Source of classification or shelving scheme Damaged status Not for loan Home library Current library Shelving location Date acquired Total Checkouts Full call number Barcode Date last seen Price effective from Koha item type
    Library of Congress Classification     ARRUPE LIBRARY ARRUPE LIBRARY Main Collection 30/11/2022   GV1507.C7 B67 2008 46700000180 30/11/2022 30/11/2022 Monograph ( Printed materials)

 

Arrupe Library. PO Box MP320 Mt Pleasant, Harare, Zimbabwe
263 242 745411|librarian@aju.ac.zw